Bad Boys II / (Record no. 292812)
[ view plain ]
| 000 -LEADER | |
|---|---|
| fixed length control field | 00759nam a2200193Ia 4500 |
| 008 - FIXED-LENGTH DATA ELEMENTS--GENERAL INFORMATION | |
| fixed length control field | 160319s9999 xx 000 0 und d |
| 245 ## - TITLE STATEMENT | |
| Title | Bad Boys II / |
| 245 ## - TITLE STATEMENT | |
| Statement of responsibility, etc | Columbia Pictures presents a Don Simpson/Jerry Bruckheimer production ; a Michael Bay film ; produced by Jerry Bruckheimer ; story by Marianne Wibberley & Cormac Wibberley and Ron Shelton ; screenplay by Ron Shelton and Jerry Stahl ; directed by Michael B |
| 260 ## - PUBLICATION, DISTRIBUTION, ETC. (IMPRINT) | |
| Name of publisher, distributor, etc | Magnavision |
| 260 ## - PUBLICATION, DISTRIBUTION, ETC. (IMPRINT) | |
| Date of publication, distribution, etc | NA |
| 300 ## - PHYSICAL DESCRIPTION | |
| Extent | 2 videodiscs (147 min.) : |
| 300 ## - PHYSICAL DESCRIPTION | |
| Other physical details | sound, colored ; |
| 300 ## - PHYSICAL DESCRIPTION | |
| Dimensions | 4 3/4 in. |
| 650 ## - SUBJECT ADDED ENTRY--TOPICAL TERM | |
| Topical term or geographic name as entry element | Action and adventure films. |
| 650 ## - SUBJECT ADDED ENTRY--TOPICAL TERM | |
| Topical term or geographic name as entry element | Comedy films. |
| 650 ## - SUBJECT ADDED ENTRY--TOPICAL TERM | |
| Topical term or geographic name as entry element | Drug enforcement agents -- Drama. |
| 650 ## - SUBJECT ADDED ENTRY--TOPICAL TERM | |
| Topical term or geographic name as entry element | Ecstasy (Drug) -- Drama. |
| 650 ## - SUBJECT ADDED ENTRY--TOPICAL TERM | |
| Topical term or geographic name as entry element | Feature films. |
| Withdrawn status | Lost status | Damaged status | Home library | Current library | Date acquired | Total Checkouts | Barcode | Date last seen | Price effective from | Koha item type |
|---|---|---|---|---|---|---|---|---|---|---|
| Stonyhurst Southville International School (Batangas) | Stonyhurst Southville International School (Batangas) | 03/19/2016 | AV-415 | 03/19/2016 | 03/19/2016 | Audio Visual Materials |